00480nam a2200085Ia 4500008004100000245002300041300024700064650002800311856005500339170517s9999 xx 000 0 und d 4aThe Cost of a Coke a>Coca Cola, we've found out, has actually been cooperating with paramilitaries in Colombia to execute workers in their own bottling plants that are trying to form unions and trying to demand better working conditions. So we've been able to... xBusiness and Economics. uhttp://topdocumentaryfilms.com/the-cost-of-a-coke/